000 01161cam a22003132 4500
001 12441
003 BD-RjUL
005 20211208235308.0
008 140128r19691966ne a b 001 0 eng c
035 _aOCLC ocm01277815 from D971024M
_a(BD-RjUL)12490
040 _aDLC/ICU
_cCGU
_dUKM
_dCOU
_dEQO
_dBD-RjUL
_beng
041 _aeng
082 0 0 _a612.01546
_219
_bSCM 1969
096 _aQU 55 S387m 1966
100 1 _aSchultze, H. E.
_q(Hermann E.),
_d1899-
_938688
245 1 0 _aMolecular biology of human proteins :
_bwith special reference to plasma proteins /
_cH.E. Schultze and J.F. Heremans.
_nVolume 1 :
_pNature and metabolism of extracellular proteins.
260 _aAmsterdam ;
_aNew York :
_bElsevier Pub. Co.,
_c1966 [Reprinted 1969].
300 _a xii, 904 p. :
_bill. ;
_c25 cm.
504 _aIncludes bibliographies and index..
505 _a.
650 0 _aProteins.
_938689
650 2 _aBlood Proteins
_938690
650 2 _aProtein -Metabolism
_938782
700 1 _aHeremans, J. F.
_q(Joseph F.)
_938691
740 0 1 _aNature and metabolism of extracellular proteins.
942 _2ddc
_cBK
999 _c12441
_d12441